000 00296nam a22001337a 4500
008 171101b xxu||||| |||| 00| 0 eng d
020 _a783254066878
041 _aeng
080 _a33
100 _a59
101 _aBUS
245 _aSTARTING YOUR OWN BUSINESS
_cHARPER.S.C
942 _2udc
_cBK
999 _c37002
_d37002